ইমাম তিরমিযীর (রহ.) আল-শামায়িল গ্রন্থের আলোকে রাসূল চরিত পর্যালোচনা / (Record no. 84359)
[ view plain ]
| 000 -LEADER | |
|---|---|
| fixed length control field | 01851nam a2200277 a 4500 |
| 001 - CONTROL NUMBER | |
| RUCL Control Number | 84359 |
| 003 - CONTROL NUMBER IDENTIFIER | |
| rucl marc code | BD-RjUL |
| 005 - DATE AND TIME OF LATEST TRANSACTION | |
| control field | 20241125095149.0 |
| 008 - FIXED-LENGTH DATA ELEMENTS--GENERAL INFORMATION | |
| fixed length control field | 241125s2023 bg a|||| m||| 00| 0 ben d |
| 035 ## - SYSTEM CONTROL NUMBER | |
| system control number | (BD-RjUL)84359 |
| 040 ## - CATALOGING SOURCE | |
| Original cataloging agency | BD-RjUL |
| Language of cataloging | ben/eng |
| Transcribing agency | BD-RjUL |
| Modifying agency | BD-RjUL |
| 041 ## - LANGUAGE CODE | |
| Language code of Book | ben |
| 082 ## - DEWEY DECIMAL CLASSIFICATION NUMBER | |
| Classification number | 297.0927 |
| DDC Edition number | 23 |
| Author mark and Year | HAI 2023 |
| 100 ## - MAIN ENTRY--PERSONAL NAME | |
| Personal name | হাবিবুল্লাহ |
| 9 (RLIN) | 14408 |
| 245 10 - TITLE STATEMENT | |
| Title | ইমাম তিরমিযীর (রহ.) আল-শামায়িল গ্রন্থের আলোকে রাসূল চরিত পর্যালোচনা / |
| Statement of responsibility, etc | গবেষক হাবিবুল্লাহ ; |
| Name of Supervisor/Co-Supervisor | প্রিন্সিপাল সুপারভাইজার : মোহা. আশরাফ উজ জামান, কো-সুপারভাইজার : মুহা. আ. হামিদ |
| 246 ## - VARYING FORM OF TITLE | |
| Title proper/short title | Study of Rasul Character in the Light of Al-Shamail by imam Tirmizi (R) / |
| 260 ## - PUBLICATION, DISTRIBUTION, ETC. (IMPRINT) | |
| Place of publication, distribution, etc | রাজশাহী : |
| Name of publisher, distributor, etc | ইসলামিক স্টাডিজ বিভাগ, রাজশাহী বিশ্ববিদ্যালয়, |
| Date of publication, distribution, etc | ২০২৩ |
| 300 ## - PHYSICAL DESCRIPTION | |
| Pagination | xviii, ৩৩০ পাতা ; |
| Other physical details | চিত্র ; |
| Dimensions | ২৯ সেমি. |
| 502 ## - DISSERTATION NOTE | |
| Dissertation note | থিসিস (পিএইচ. ডি.) -- ইসলামিক স্টাডিজ বিভাগ, রাজশাহী বিশ্ববিদ্যালয়, ২০২৩ |
| 504 ## - BIBLIOGRAPHY, ETC. NOTE | |
| Bibliography, etc | গ্রন্থপঞ্জী : পাতা ২৯৬-৩০৮ |
| 650 ## - SUBJECT ADDED ENTRY--TOPICAL TERM | |
| Form subdivision | ইতিহাস ও সমালোচনা |
| Form subdivision | History and Criticism |
| 700 ## - ADDED ENTRY--SUPERVISOR/CO-SUPERVISOR NAME | |
| Personal name | জামান, মোহা. আশরাফ উজ, প্রিন্সিপাল সুপারভাইজার |
| 9 (RLIN) | 14382 |
| Personal name | হামিদ, মুহা. আ., কো-সুপারভাইজার |
| 9 (RLIN) | 14409 |
| 942 ## - ADDED ENTRY ELEMENTS (KOHA) | |
| Source of classification or shelving scheme | Dewey Decimal Classification |
| Koha item type | Theses |
| Source of classification or shelving scheme | Damaged status | Not for loan | Collection code | Permanent Location | Current Location | Shelving location | Date of accession | Source of acquisition | Total Checkouts | Full call number | Barcode | Date last seen | Copy number | Thesis |
|---|---|---|---|---|---|---|---|---|---|---|---|---|---|---|
| Dewey Decimal Classification | Not For Loan | Theses | Central Library, University of Rajshahi | Central Library, University of Rajshahi | Documentation Section | 20/11/2024 | Controller of Exam. R.U. | BTHE 297.0927 HAI 2023 | D5039 | 25/11/2024 | C-I | Theses |